[Event "Panchavati Resha op 3rd"]
[Site "Panchavati"]
[Date "2017.07.18"]
[Round "1"]
[White "Kanyamarala, Tarun"]
[Black "Kulkarni, Shreehari"]
[Result "1-0"]
[WhiteElo "2091"]
[BlackElo "1054"]
[PlyCount "41"]
[EventDate "2017.07.18"]
[EventType "swiss"]
[EventRounds "10"]
[EventCountry "IND"]
[SourceTitle "EXT 2018"]
[Source "ChessBase"]
[SourceDate "2017.10.13"]
[SourceVersion "1"]
[SourceVersionDate "2017.10.13"]
[SourceQuality "1"]

1. d4 Nf6 2. Nf3 e6 3. c4 Nc6 4. Nc3 d5 5. Bg5 Be7 6. e3 h6 7. Bh4 0-0 8. Bd3 Bd7 9. 0-0 b6 10. Bxf6 Bxf6 11. cxd5 exd5 12. Nxd5 Be6 13. Nxf6+ Qxf6 14. Be4 Bd7 15. Ne5 Rad8 16. Nxd7 Rxd7 17. Qa4 Rd6 18. Rac1 Na5 19. b4 Qe6 20. Bf3 Nc4 21. d5 1-0